| 000 | 004540000a22001690004500 | ||
|---|---|---|---|
| 003 | MACL | ||
| 005 | 20151230145446.0 | ||
| 008 | 151230b xxu||||| |||| 00| 0 eng d | ||
| 040 |
_aMACL _cMACL |
||
| 041 | _aEnglish | ||
| 082 | _a320/STI | ||
| 100 |
_aSait, Edward McChesney _924987 |
||
| 245 | _aGovernment and politics of France | ||
| 260 |
_bGeorge G Harrap & Co Ltd _c1920 _aLondon |
||
| 650 |
_aPolitical Science _924988 |
||
| 942 |
_cBK _k320/SAI _2ddc |
||
| 999 |
_c35473 _d35473 |
||